<?xml version="1.0" encoding="UTF-8"?>
<record
    xmlns:xsi="http://www.w3.org/2001/XMLSchema-instance"
    xsi:schemaLocation="http://www.loc.gov/MARC21/slim http://www.loc.gov/standards/marcxml/schema/MARC21slim.xsd"
    xmlns="http://www.loc.gov/MARC21/slim">

  <leader>02000cam a2200373 a 4500</leader>
  <controlfield tag="001">10490650</controlfield>
  <controlfield tag="005">20220326193304.0</controlfield>
  <controlfield tag="008">130617s2013    enka     cb   001 0deng d</controlfield>
  <datafield tag="020" ind1=" " ind2=" ">
    <subfield code="a">184976123X (pbk.)</subfield>
  </datafield>
  <datafield tag="020" ind1=" " ind2=" ">
    <subfield code="a">9781849761239 (pbk.)</subfield>
  </datafield>
  <datafield tag="029" ind1="1" ind2=" ">
    <subfield code="a">AU@</subfield>
    <subfield code="b">000051788898</subfield>
  </datafield>
  <datafield tag="029" ind1="1" ind2=" ">
    <subfield code="a">NZ1</subfield>
    <subfield code="b">14922298</subfield>
  </datafield>
  <datafield tag="035" ind1=" " ind2=" ">
    <subfield code="a">(OCoLC)ocn849051571</subfield>
  </datafield>
  <datafield tag="035" ind1=" " ind2=" ">
    <subfield code="a">(OCoLC)849051571</subfield>
  </datafield>
  <datafield tag="035" ind1=" " ind2=" ">
    <subfield code="a">(NNC)10490650</subfield>
  </datafield>
  <datafield tag="040" ind1=" " ind2=" ">
    <subfield code="a">CDX</subfield>
    <subfield code="c">CDX</subfield>
    <subfield code="d">BDX</subfield>
    <subfield code="d">LND</subfield>
    <subfield code="d">OCLCO</subfield>
    <subfield code="d">VVP</subfield>
    <subfield code="d">UKWOH</subfield>
  </datafield>
  <datafield tag="082" ind1="0" ind2="4">
    <subfield code="a">709.2</subfield>
    <subfield code="b">G162e</subfield>
  </datafield>
  <datafield tag="100" ind1="1" ind2=" ">
    <subfield code="a">Gallagher, Ellen,</subfield>
    <subfield code="d">1965-</subfield>
    <subfield code="9">1649</subfield>
  </datafield>
  <datafield tag="245" ind1="1" ind2="0">
    <subfield code="a">Ellen Gallagher :</subfield>
    <subfield code="b">AxME /</subfield>
    <subfield code="c">[with texts by] Carol Armstrong, Robin D.G. Kelley, Richard Shiff and Ulrich Wilmes.</subfield>
  </datafield>
  <datafield tag="246" ind1="3" ind2="0">
    <subfield code="a">AxME</subfield>
  </datafield>
  <datafield tag="260" ind1=" " ind2=" ">
    <subfield code="a">London :</subfield>
    <subfield code="b">Tate Publishing,</subfield>
    <subfield code="c">2013.</subfield>
  </datafield>
  <datafield tag="300" ind1=" " ind2=" ">
    <subfield code="a">227 p. :</subfield>
    <subfield code="b">ill. (chiefly col.) ;</subfield>
    <subfield code="c">27 cm.</subfield>
  </datafield>
  <datafield tag="500" ind1=" " ind2=" ">
    <subfield code="a">Catalog of an exhibition held at Tate Modern, London, May 1-Sept. 1, 2013; at Sara Hild&#xE9;n Art Museum, Tampere, Sept. 27, 2013-Jan. 26, 2014 and at Haus der Kunst, Munich, Feb. 27-June 1, 2014.</subfield>
  </datafield>
  <datafield tag="504" ind1=" " ind2=" ">
    <subfield code="a">Includes bibliographical references and index.</subfield>
  </datafield>
  <datafield tag="505" ind1="0" ind2="0">
    <subfield code="t">Confounding myths /</subfield>
    <subfield code="r">Robin D.G. Kelley --</subfield>
    <subfield code="t">Ellen Gallagher : mythopoetics and materials /</subfield>
    <subfield code="r">Carol Armstrong --</subfield>
    <subfield code="t">Plates --</subfield>
    <subfield code="t">Signs preserve us /</subfield>
    <subfield code="r">Richard Schiff --</subfield>
    <subfield code="t">Readings pictures /</subfield>
    <subfield code="r">Ulrich Wilmes.</subfield>
  </datafield>
  <datafield tag="520" ind1="8" ind2=" ">
    <subfield code="a">Born in 1965 in Providence, Rhode Island, Ellen Gallagher is one of the most acclaimed contemporary painters to have emerged from North America. Her paintings, collages, drawings, sculpture, animation and film installations, which shift between abstraction and figuration, create dynamic encounters between the historic and the present through commentary about race, racism, and cultural identity.</subfield>
  </datafield>
  <datafield tag="600" ind1="1" ind2="0">
    <subfield code="a">Gallagher, Ellen,</subfield>
    <subfield code="d">1965-</subfield>
    <subfield code="v">Exhibitions.</subfield>
    <subfield code="9">1650</subfield>
  </datafield>
  <datafield tag="650" ind1=" " ind2="0">
    <subfield code="a">Art, American</subfield>
    <subfield code="y">21st century</subfield>
    <subfield code="v">Exhibitions.</subfield>
    <subfield code="9">1651</subfield>
  </datafield>
  <datafield tag="710" ind1="2" ind2=" ">
    <subfield code="a">Tate Modern (Gallery)</subfield>
    <subfield code="9">1652</subfield>
  </datafield>
  <datafield tag="710" ind1="2" ind2=" ">
    <subfield code="a">Sara Hild&#xE9;nin taidemuseo.</subfield>
    <subfield code="9">1653</subfield>
  </datafield>
  <datafield tag="710" ind1="2" ind2=" ">
    <subfield code="a">Haus der Kunst M&#xFC;nchen.</subfield>
    <subfield code="9">1654</subfield>
  </datafield>
  <datafield tag="948" ind1="1" ind2=" ">
    <subfield code="a">20130930</subfield>
    <subfield code="b">c</subfield>
    <subfield code="c">rhg9</subfield>
    <subfield code="d">OSMC</subfield>
  </datafield>
  <datafield tag="999" ind1=" " ind2=" ">
    <subfield code="c">346</subfield>
    <subfield code="d">346</subfield>
  </datafield>
  <datafield tag="952" ind1=" " ind2=" ">
    <subfield code="0">0</subfield>
    <subfield code="1">0</subfield>
    <subfield code="2">ddc</subfield>
    <subfield code="4">0</subfield>
    <subfield code="7">0</subfield>
    <subfield code="a">LV</subfield>
    <subfield code="b">LV</subfield>
    <subfield code="c">Monograf&#xED;as</subfield>
    <subfield code="d">2014-11-14</subfield>
    <subfield code="l">0</subfield>
    <subfield code="o">709.2 G162e</subfield>
    <subfield code="p">004026</subfield>
    <subfield code="r">2014-11-14 00:00:00</subfield>
    <subfield code="w">2014-11-14</subfield>
    <subfield code="y">01</subfield>
  </datafield>
</record>
